| 000 | 00991cam a2200217 4500 | ||
|---|---|---|---|
| 001 | WB3921-09 | ||
| 008 | 030603n2003 000 0 eng u | ||
| 035 | _a(Sirsi) u122507 | ||
| 245 | _aStudent accommodation provides opportunities | ||
| 260 | _c2003 | ||
| 490 |
_aFPDSavills News Release _v28 May 2003 (1) |
||
| 520 | _aA new report by FPDSavills has highlighted the opportunities for private sector developers and investors, as student numbers rise and the university sector is increasingly unable to provide enough student accommodation. The report suggests developers focus on specific areas of demand such as overseas, final year or postgraduate students. For more information contact Richard Donnell t +44 (0)20 7409 8865. http://www.fpdsavills.co.uk/news.asp. | ||
| 590 | _aWB | ||
| 650 | _aSTUDENT ACCOMMODATION | ||
| 650 | _aDEVELOPERS | ||
| 650 | _aINVESTORS | ||
| 650 | _aUNIVERSITY ACCOMMODATION | ||
| 650 | _aHALLS OF RESIDENCE | ||
| 690 | _aHOUSING | ||
| 942 | _n0 | ||
| 999 |
_c72810 _d72810 |
||